00410nam a22001337a 4500003000900000008004100009040007100050082001800121100002800139245004400167260003000211300001200241650002300253AR-CdUCM190305b ||||| |||| 00| 0 spa d aMUNICIPALIDAD PROVINCIAL DEL CUSCOcBIBLIOTECA MUNICIPAL DEL CUSCO a869.44 /bC26 aCardona Torrico, Alcira aCarcajada de estado :by otros poemas / aBolivia :bAmauta,c1949. c19.5 cm aPoesía boliviana